Riadenie krokového motora

Salvato in:
Dettagli Bibliografici
Autore principale: Bandžura, Adam (Autore)
Altri autori: Dúbravský, Jozef (Relatore della tesi)
Natura: Manoscritto Libro
Lingua:slovacco
Pubblicazione: 2016
Soggetti:
Accesso online:http://is.stuba.sk/zp/portal_zp.pl?podrobnosti=125449
Tags: Aggiungi Tag
Nessun Tag, puoi essere il primo ad aggiungerne!!

MARC

LEADER 00000ntm a22000003a 4500
001 stuzp55168
003 SK-STU
005 20160802125908.4
007 ta
008 150427s2015----xo-----f-mn---000-0-slo-d
040 |a STU  |b slo 
041 0 |a slo 
044 |a xo 
100 1 |a Bandžura, Adam  |u 031000  |4 aut  |U FEI Fakulta elektrotechniky a informatiky  |T FEI Ústav robotiky a kybernetiky  |X 72483  |U E011  |Y 356  |7 72483 
242 0 1 |a Controlling stepper motor  |y eng 
245 1 0 |a Riadenie krokového motora 
260 |c 2016 
300 |a 51 s., príl.,  |b DVD 
650 4 |a krokový motor  |2 slo 
650 4 |a riadenie  |2 slo 
650 4 |a arduino  |2 slo 
650 4 |a controlling  |2 eng 
650 4 |a arduino  |2 eng 
650 4 |a stepper motor  |2 eng 
700 1 |a Dúbravský, Jozef  |u 031000  |k Z1  |4 ths  |U FEI Fakulta elektrotechniky a informatiky  |T FEI Ústav robotiky a kybernetiky  |X 4934  |U E011  |Y 356  |7 A000004934 
856 4 |u http://is.stuba.sk/zp/portal_zp.pl?podrobnosti=125449 
996 |b 284ER02112  |c E*Bc- 2112  |l EE31  |s P  |a 0  |w stuzp55168_0001 
SQL |a stuzp55168  |b DBP  |c SLO  |d Riadenie krokového motora  |e 72483  |f Bandžura, Adam  |g 031000  |h 4934  |i Dúbravský, Jozef  |j 20160707  |k 1166  |l 03  |m http://is.stuba.sk/zp/portal_zp.pl?podrobnosti=125449  |n B-RK  |o 9.2.7. kybernetika